Statistics for Countries Closest to North Macedonia - 15 Second Sprint

Click here to take the quiz!

General Stats

  • This quiz has been taken 11 times
  • The average score is 6 of 20

Answer Stats

kmcountry% Correct
0Greece
70%
0Serbia
60%
0Albania
50%
183Bosnia and
Herzegovina
50%
179Croatia
50%
79Montenegro
50%
577Slovenia
50%
0Bulgaria
40%
0Kosovo
40%
169Romania
30%
274Turkey
30%
577Moldova
20%
575Ukraine
20%
635Austria
10%
204Italy
10%
648Slovakia
10%
434Hungary
0%
739Poland
0%
695San Marino
0%
666Vatican City
0%

Score Distribution

Percentile by Number Answered

Percent of People with Each Score

Your Score History

You have not taken this quiz